000
00330nam a2200133Ia 4500
008
140626s9999 xx 000 0 und d
100
_a
Brimmer, Andrew Van
245
_a
Seek Out the Rare Find /
_c
AndrewVan Brimmer.
260
_c
c2012.
300
_a
57 : 9, page 64
440
_a
HR Magazine
521
_a
BSBA
942
_c
SE
999
_c
121482
_d
121482